00378cam a22001337a 4500008004000000082001500040100002000055245005300075260005700128300000900185650001400194650002700208700000900235180718b1961 xxu||||| |||| 00| 0 eng d aT312 N213d aCarl, G. Baumes aDivision financial executivescby G. Baumes Carl aNew YorkbNational Industrial Conference Boardc1961 a61p. aDirectors aCorporations - Finance aIBRD